Central Library OPAC University of Rajshahi

Marxist Theory of the State : (Record no. 5651)

MARC details
000 -LEADER
fixed length control field 00661nam a22002297a 4500
001 - CONTROL NUMBER
control field 5651
003 - CONTROL NUMBER IDENTIFIER
rucl marc code BD-RjUL
005 - DATE AND TIME OF LATEST TRANSACTION
control field 20211208234114.0
008 - FIXED-LENGTH DATA ELEMENTS--GENERAL INFORMATION
fixed length control field 140106s1993 ii ||| |||| 000 0 eng d
020 ## - INTERNATIONAL STANDARD BOOK NUMBER
International Standard Book Number 8171005799
035 ## - SYSTEM CONTROL NUMBER
System control number (BD-RjUL)5690
040 ## - CATALOGING SOURCE
Original cataloging agency BD-RjUL
Language of cataloging eng
Transcribing agency BD-RjUL
041 ## - LANGUAGE CODE
Language code of text/sound track or separate title eng
082 04 - DEWEY DECIMAL CLASSIFICATION NUMBER
Classification number 335.4
Author mark and year RAM
100 1# - MAIN ENTRY--PERSONAL NAME
Personal name Ramaswamy, Sushila
9 (RLIN) 17750
245 ## - TITLE STATEMENT
Title Marxist Theory of the State :
Remainder of title Dictatorship of the Proletariat /
Statement of responsibility, etc. Ramaswamy,Sushila
260 ## - PUBLICATION, DISTRIBUTION, ETC. (IMPRINT)
Place of publication, distribution, etc. New Delhi :
Name of publisher, distributor, etc. Deep and Deep Publicstions,
Date of publication, distribution, etc. c1993
300 ## - PHYSICAL DESCRIPTION
Pagination ix, 180p. ;
Size 21cm.
504 ## - BIBLIOGRAPHY, ETC. NOTE
Bibliography, etc Includes Index
650 07 - SUBJECT ADDED ENTRY--TOPICAL TERM
Topical term or geographic name as entry element Marxist Theory of the State
9 (RLIN) 17751
942 ## - ADDED ENTRY ELEMENTS (KOHA)
Source of classification or shelving scheme Dewey Decimal Classification
Koha item type Books
Holdings
Lost status Source of classification or shelving scheme Damaged status Not for loan Collection code Permanent Location Current Location Shelving location Date acquired Source of acquisition Cost, normal purchase price Total Checkouts Full call number Date last seen Copy number Koha item type Coded location qualifier
  Dewey Decimal Classification   Not For Loan Non-fiction Central Library, University of Rajshahi Central Library, University of Rajshahi   27/11/1996 Tulip Ent. 200.00   335.4 RAM 1993 06/01/2014 C-1 Books  
  Dewey Decimal Classification     Non-fiction Central Library, University of Rajshahi Central Library, University of Rajshahi     Tulip enter dhaka 200.00   335.4 RAM 1993 23/06/2016 C-2 Books 1996-27-11
  Dewey Decimal Classification     Non-fiction Central Library, University of Rajshahi Central Library, University of Rajshahi   27/11/1996 Tulip Enterprise, co. 200.00   335.4 RAM 1993 05/09/2016 C-3 Books